Detalles MARC
| 000 -LIDER |
| fixed length control field |
00856nam a22003135b 4500 |
| 001 - NÚMERO DE CONTROL |
| Identificador de número de control |
000091028 |
| 003 - IDENTIFICACDOR DE NÚMERO DE CONTROL |
| control field |
DO-SdBNP |
| 005 - DATE AND TIME OF LATEST TRANSACTION |
| control field |
20180222084736.0 |
| 007 - CAMPOS FIJOS DE DESCRIPCIÓN FÍSICA |
| fixed length control field |
000091028 |
| 008 - ELEMENTOS DE LONGITUD FIJA |
| fixed length control field |
910415s 1989 sp spa |
| 016 7# - NO. DE CONTROL DE LA AGENCIA BIB. NACIONAL |
| Record control number |
|
| Source |
BPMSU |
| 017 ## - NÚMERO DE REGISTRO DE DERECHOS DE AUTOR |
| Copyright or legal deposit number |
|
| Assigning agency |
|
| 020 ## - ISBN |
| International Standard Book Number |
8434825279 |
| 035 ## - NÚMERO LOCAL |
| System control number |
|
| 040 ## - FUENTE DE CATALOGACIÓN |
| Agencia que crea de manera original el registro |
BPMSU |
| Idioma de catalogación |
spa |
| Agencia que realiza la transcripción |
BPMSU |
| Convenciones de la despripción |
|
| 080 #0 - NÚMERO DE CLASIFICACIÓN DECIMAL UNIVERSAL |
| Universal Decimal Classification number |
|
| 100 1# - ASIENTO PRINCIPAL -- NOMBRE PERSONAL |
| Nombre personal |
Alcántara, Ricardo |
| Fechas asociadas con el nombre |
1946- |
| 245 13 - MENCIÓN DE TITULO |
| Título |
La segunda infancia de don Honorato / |
| Mención de responsabilidad |
Ricardo Alcántara ; ilustraciones, Samuel Velasco |
| Medio (Designación general de material) |
|
| 250 ## - MENCIÓN DE EDICION |
| Mención de edición |
3a. ed |
| 260 ## - PUBLICACIÓN, DISTRIBUCIÓN, ETC. (PIE DE IMPRENTA) |
| Lugar de publicación, distribución, etc |
Madrid : |
| Nombre del editor, distribuidor, etc. |
SM, |
| Fecha de publicación, distribución, etc |
1989. |
| 300 ## - DESCRIPCIÓN FÍSICA |
| Extensión |
108 p.; |
| Otros detalles físicos |
il., |
| Dimensiones |
17 cm |
| 490 ## - MENCIÓN DE SERIES |
| Mención de serie |
Catamarán |
| Volume/sequential designation |
9 |
| 521 ## - TARGET AUDIENCE NOTE |
| Target audience note |
A partir de 12 años. |
| 700 1# - ASIENTO SECUNDARIO -- NOMBRE PERSONAL |
| Nombre personal |
Velasco, Samuel |
| Fechas asociadas con el nombre |
1967- |
| Mención de responsabilidad |
il. |
| 830 ## - ASIENTO SECUNDARIO DE SERIE--TÍTULO UNIFORME |
| Volume number/sequential designation |
9 |
| Título uniforme |
Catamarán |
| 942 ## - ADDED ENTRY ELEMENTS (KOHA) |
| Source of classification or shelving scheme |
Dewey Decimal Classification |
| Koha item type |
Libros |
| 945 ## - INFORMACIÓN DE PROCESAMIENTO LOCAL |
| Información de procesamiento local |
Inventariado, 2018/ YL |
| 956 ## - LOCAL ELECTRONIC LOCATION AND ACCESS (OCLC) |
| Método de acceso |
VMATEO |
| Materiales especificados |
10 |
| Enlace |
20160308 |
| Campo enlazado y núm. de secuencia |
BPMSU |
| Nombre de host |
00151 |